[Event "II Festival A"]
[Site "Fano ITA"]
[Date "2013.07.31"]
[Round "3"]
[White "Villani, Cristian"]
[Black "Coppola, Federico"]
[WhiteElo "2063"]
[BlackElo "1957"]
[Result "0-1"]
[PlyCount "77"]
[EventDate "2013.07.29"]

1. Nf3 c5 2. c4 Nc6 3. Nc3 e5 4. g3 g6 5. Bg2 Bg7 6. O-O Nge7 7. a3 d6 8. Rb1
a5 9. d3 O-O 10. Ne1 Be6 11. Nd5 Rb8 12. Bg5 f6 13. Bd2 f5 14. Nc2 b6 15. b4
axb4 16. axb4 Qd7 17. b5 Nd8 18. Nxe7+ Qxe7 19. Ne3 Qd7 20. Nd5 f4 21. Rb3 Bh3
22. Bxh3 Qxh3 23. gxf4 Ne6 24. d4 Qh4 25. dxe5 dxe5 26. Re3 exf4 27. Ra3 Nd4
28. Nxf4 Rxf4 29. Bxf4 Qxf4 30. Rh3 Qg4+ 31. Rg3 Qxe2 32. Qd3 Rf8 33. f4 Qe6
34. Rf2 Nf5 35. Re2 Qf7 36. Rf3 Nd4 37. Re4 Nxf3+ 38. Qxf3 Bd4+ 39. Kh1 0-1

[Event "II Festival A"]
[Site "Fano ITA"]
[Date "2013.07.31"]
[Round "4"]
[White "Ambartsumova, Karina"]
[Black "Csonkics, Tunde"]
[WhiteElo "2306"]
[BlackElo "2205"]
[Result "1-0"]
[PlyCount "55"]
[EventDate "2013.07.29"]

1. e4 c5 2. Nf3 d6 3. d4 cxd4 4. Nxd4 Nf6 5. Nc3 a6 6. Be3 e6 7. g4 e5 8. Nf5
g6 9. g5 gxf5 10. exf5 d5 11. Qf3 d4 12. O-O-O Qa5 13. gxf6 dxc3 14. Bc4 h5 15.
Qg3 Nd7 16. Bxf7+ Kd8 17. Rd5 Qb4 18. bxc3 Qa3+ 19. Kb1 Kc7 20. Rhd1 Rh7 21.
Bg8 h4 22. Qg6 Qxc3 23. Qxh7 Ba3 24. Rxd7+ Kb8 25. Bc1 Qb4+ 26. Bb3 a5 27. Bxa3
Qxa3 28. Qe7 1-0

[Event "II Festival A"]
[Site "Fano ITA"]
[Date "2013.07.31"]
[Round "4"]
[White "Banusz, Tamas"]
[Black "Prohaszka, Peter"]
[WhiteElo "2588"]
[BlackElo "2554"]
[Result "1/2-1/2"]
[PlyCount "36"]
[EventDate "2013.07.29"]

1. c4 Nf6 2. d4 c6 3. Nf3 d5 4. e3 g6 5. Nc3 Bg7 6. Be2 O-O 7. O-O dxc4 8. Bxc4
Bg4 9. h3 Bxf3 10. Qxf3 Nbd7 11. Rd1 e5 12. d5 e4 13. Nxe4 Nxe4 14. Qxe4 Nb6
15. Rb1 Re8 16. Qd3 Nxc4 17. Qxc4 Be5 18. d6 Re6 1/2-1/2

[Event "II Festival A"]
[Site "Fano ITA"]
[Date "2013.07.31"]
[Round "4"]
[White "Caprio, Guido"]
[Black "Costantini, Roberto"]
[WhiteElo "2415"]
[BlackElo "2290"]
[Result "1/2-1/2"]
[PlyCount "120"]
[EventDate "2013.07.29"]

1. d4 d5 2. c4 e6 3. Nc3 Be7 4. cxd5 exd5 5. Bf4 Nf6 6. e3 O-O 7. Bd3 c5 8.
Nge2 Nc6 9. O-O Bg4 10. dxc5 Bxc5 11. Rc1 d4 12. Nb5 Bb6 13. Nbxd4 Nxd4 14.
exd4 Bxd4 15. h3 Bxe2 16. Bxe2 Bxb2 17. Qxd8 Raxd8 18. Rb1 Bd4 19. Rxb7 Nd5 20.
Bg3 Nc3 21. Ba6 Bb6 22. Re1 Rd4 23. Be5 Ra4 24. Bd6 Rd8 25. Rd7 Re4 26. Rxd8+
Bxd8 27. Rc1 Bf6 28. Bf1 g6 29. Rc2 Kg7 30. Bc5 a5 31. g3 Ra4 32. a3 Ne4 33.
Be3 Rxa3 34. Rc7 Rc3 35. Rd7 a4 36. Ra7 Nxg3 37. Rxa4 Nxf1 38. Kxf1 Rc6 39. Kg2
Re6 40. Bd4 Bxd4 41. Rxd4 Re5 42. Rc4 Rf5 43. Rb4 Kh6 44. Rh4+ Rh5 45. Rf4 Rg5+
46. Kf1 Kg7 47. Rb4 Rf5 48. Kg2 g5 49. Rb6 Ra5 50. Rc6 Ra3 51. Rb6 Ra4 52. Kg3
h5 53. Rb5 Kg6 54. Rb6+ f6 55. Rb8 Ra3+ 56. Kg2 g4 57. hxg4 hxg4 58. Rb5 f5 59.
Rc5 Kg5 60. Rb5 Rc3 1/2-1/2

[Event "II Festival A"]
[Site "Fano ITA"]
[Date "2013.07.31"]
[Round "4"]
[White "Coppola, Federico"]
[Black "Bonagura, Stefano"]
[WhiteElo "1957"]
[BlackElo "2165"]
[Result "0-1"]
[PlyCount "56"]
[EventDate "2013.07.29"]

1. e4 c6 2. d4 d5 3. f3 e6 4. Nc3 Bb4 5. Qd3 b6 6. Be2 Ba6 7. Qe3 Ne7 8. Bd2
O-O 9. a3 Bxc3 10. Bxc3 Bxe2 11. Nxe2 Nd7 12. O-O c5 13. exd5 Nxd5 14. Qd2 Qc7
15. b3 c4 16. b4 b5 17. a4 a6 18. Ng3 N7b6 19. a5 Na4 20. Rxa4 bxa4 21. Ne4 Qf4
22. g3 Qxd2 23. Bxd2 c3 24. Bxc3 Rfc8 25. Ba1 Rxc2 26. Rb1 a3 27. Nc5 a2 28.
Re1 Rc4 0-1

[Event "II Festival A"]
[Site "Fano ITA"]
[Date "2013.07.31"]
[Round "4"]
[White "Der Manuelian, Haik O."]
[Black "Rebeggiani, Andrea"]
[WhiteElo "2007"]
[BlackElo "1910"]
[Result "1-0"]
[PlyCount "61"]
[EventDate "2013.07.29"]

1. e4 g6 2. d4 c6 3. Nf3 Bg7 4. Bf4 d5 5. Nbd2 dxe4 6. Nxe4 Nd7 7. Qe2 Ngf6 8.
Nd6+ Kf8 9. Nxc8 Rxc8 10. O-O-O Nd5 11. Bd2 Qc7 12. c4 Nf4 13. Qe3 Ne6 14. Kb1
h5 15. Bc3 Nf6 16. Ne5 Ng4 17. Nxg6+ fxg6 18. Qxe6 Bf6 19. Bd3 Kg7 20. Qe4 Nxf2
21. Qxg6+ Kf8 22. Bf5 Rg8 23. Qh6+ Bg7 24. Qe6 Rd8 25. Rdf1 Rd6 26. Qe3 Nxh1
27. Be6+ Bf6 28. Qh6+ Ke8 29. Qxh5+ Kd8 30. Bxg8 Qc8 31. c5 1-0

[Event "II Festival A"]
[Site "Fano ITA"]
[Date "2013.07.31"]
[Round "4"]
[White "Drazic, Sinisa"]
[Black "Stella, Andrea"]
[WhiteElo "2464"]
[BlackElo "2447"]
[Result "1/2-1/2"]
[PlyCount "24"]
[EventDate "2013.07.29"]

1. d4 Nf6 2. Bg5 c5 3. dxc5 e6 4. e3 Bxc5 5. Nd2 O-O 6. Ngf3 d5 7. a3 h6 8. Bh4
a6 9. c4 dxc4 10. Bxc4 b5 11. Ba2 Nbd7 12. Qe2 Bb7 1/2-1/2

[Event "II Festival A"]
[Site "Fano ITA"]
[Date "2013.07.31"]
[Round "4"]
[White "Fathi, Hassan"]
[Black "Brancaleoni, Maurizio"]
[WhiteElo "1921"]
[BlackElo "2248"]
[Result "1/2-1/2"]
[PlyCount "36"]
[EventDate "2013.07.29"]

1. Nf3 c5 2. e4 Nc6 3. d3 d5 4. Nbd2 e5 5. c3 Be6 6. Be2 f6 7. O-O d4 8. c4
Nge7 9. Ne1 Qd7 10. Rb1 Nb4 11. Ra1 g6 12. a3 Nbc6 13. Rb1 a5 14. Ndf3 a4 15.
g3 Na5 16. Nd2 h5 17. b4 axb3 18. Nxb3 Nec6 1/2-1/2

[Event "II Festival A"]
[Site "Fano ITA"]
[Date "2013.07.31"]
[Round "4"]
[White "Gamberini, Davide"]
[Black "Rizzardi, Franco"]
[WhiteElo "1901"]
[BlackElo "2027"]
[Result "0-1"]
[PlyCount "54"]
[EventDate "2013.07.29"]

1. e4 e6 2. d4 d5 3. exd5 exd5 4. Nf3 Bd6 5. Nc3 c6 6. Be2 Ne7 7. O-O O-O 8.
Ne5 f6 9. Ng4 Qc7 10. g3 f5 11. Ne3 Nd7 12. Ng2 Ng6 13. f4 Nf6 14. Ne1 b5 15.
Nf3 Qb6 16. Ne5 Nxe5 17. fxe5 Bxe5 18. Be3 Bd6 19. a4 b4 20. a5 Qc7 21. Nb1
Bxg3 22. Nd2 Bxh2+ 23. Kh1 f4 24. Bf2 Bg3 25. Bf3 Bh3 26. Bg2 Bxg2+ 27. Kxg2
Bxf2 0-1

[Event "II Festival A"]
[Site "Fano ITA"]
[Date "2013.07.31"]
[Round "4"]
[White "Gromovs, Sergejs"]
[Black "Klimentov, Evgeny"]
[WhiteElo "2202"]
[BlackElo "2006"]
[Result "1-0"]
[PlyCount "89"]
[EventDate "2013.07.29"]

1. d4 Nf6 2. Nf3 g6 3. c4 Bg7 4. Nc3 d6 5. e4 O-O 6. Be2 e5 7. dxe5 dxe5 8.
Qxd8 Rxd8 9. Nd5 Nxd5 10. cxd5 c6 11. Bc4 b5 12. Bb3 Bb7 13. Bg5 Rd7 14. Rc1
cxd5 15. Bxd5 Na6 16. Bxb7 Rxb7 17. Ke2 f6 18. Be3 f5 19. h4 fxe4 20. Nd2 Nb4
21. Nxe4 Nxa2 22. Rc5 b4 23. h5 a5 24. h6 Bf8 25. Rxe5 Re7 26. Nf6+ Kh8 27. Bd4
Rxe5+ 28. Bxe5 Rd8 29. f4 a4 30. g4 b3 31. g5 Bb4 32. Kf3 a3 33. bxa3 Bc3 34.
Rb1 Bxe5 35. fxe5 Rd3+ 36. Ke4 Rh3 37. e6 Nc3+ 38. Kf4 Ne2+ 39. Ke5 Re3+ 40.
Kd6 Nd4 41. Kd5 Nxe6 42. Rc1 Nd8 43. Rc8 Rd3+ 44. Ke4 b2 45. Nd5 1-0

[Event "II Festival A"]
[Site "Fano ITA"]
[Date "2013.07.31"]
[Round "4"]
[White "Ivanisevic, Ivan"]
[Black "Rindlisbacher, Lars"]
[WhiteElo "2649"]
[BlackElo "2315"]
[Result "0-1"]
[PlyCount "90"]
[EventDate "2013.07.29"]

1. e4 e5 2. Nf3 Nc6 3. Nc3 Nf6 4. Bb5 Bd6 5. a3 O-O 6. d3 a6 7. Bc4 h6 8. Ba2
Bc5 9. h3 d6 10. g4 Nh7 11. g5 hxg5 12. Rg1 Be6 13. Bxg5 Nxg5 14. Nxg5 Qf6 15.
Rg2 Bxf2+ 16. Rxf2 Qxg5 17. Qd2 Qxd2+ 18. Kxd2 Bxa2 19. Rxa2 Ne7 20. Ra1 f6 21.
Rg1 Kf7 22. Rfg2 g6 23. Rg3 Rh8 24. Nd1 Rh4 25. Nf2 g5 26. Rf3 Rf4 27. Rxf4
gxf4 28. Ke2 Rg8 29. Ng4 Ke6 30. d4 f5 31. exf5+ Nxf5 32. dxe5 dxe5 33. Kf3 Ne3
34. Rh1 Nxc2 35. Ke4 Rd8 36. Rc1 Rd4+ 37. Kf3 Rd2 38. Ke4 Rd4+ 39. Kf3 Rc4 40.
Rh1 Nd4+ 41. Ke4 Nf5+ 42. Kd3 Rd4+ 43. Kc3 e4 44. h4 Rd3+ 45. Kc2 Rg3 0-1

[Event "II Festival A"]
[Site "Fano ITA"]
[Date "2013.07.31"]
[Round "4"]
[White "Klimentov, Roman"]
[Black "Simonetto, Adriano"]
[WhiteElo "2219"]
[BlackElo "2026"]
[Result "1/2-1/2"]
[PlyCount "81"]
[EventDate "2013.07.29"]

1. e4 e5 2. Nf3 Nc6 3. Bb5 Nf6 4. d3 Bc5 5. O-O d6 6. c3 a6 7. Ba4 O-O 8. h3 b5
9. Bc2 d5 10. a4 dxe4 11. dxe4 Qxd1 12. Rxd1 Be6 13. axb5 axb5 14. Rxa8 Rxa8
15. Ng5 Bc4 16. Nd2 Be2 17. Re1 Bh5 18. g4 Bg6 19. Ngf3 h5 20. g5 Ne8 21. Nh4
Nd6 22. Nxg6 fxg6 23. Bb3+ Nf7 24. Bd5 Ra6 25. Nf3 Kf8 26. Kg2 Ncd8 27. b4 Ba7
28. Nh4 Ke8 29. f4 exf4 30. Bxf4 Ne6 31. Nxg6 Nxf4+ 32. Nxf4 Nxg5 33. Nxh5 g6
34. Nf4 Rf6 35. Kg3 Bf2+ 36. Kxf2 Nxh3+ 37. Ke3 Nxf4 38. Kd4 Rd6 39. Rh1 Ne2+
40. Ke5 Nxc3 41. Rh8+ 1/2-1/2

[Event "II Festival A"]
[Site "Fano ITA"]
[Date "2013.07.31"]
[Round "4"]
[White "Lavorgna, Giovanni"]
[Black "Rezzuti, Vincenzo"]
[WhiteElo "2060"]
[BlackElo "1930"]
[Result "1/2-1/2"]
[PlyCount "65"]
[EventDate "2013.07.29"]

1. e4 e5 2. Nf3 Nc6 3. Bb5 a6 4. Ba4 d6 5. O-O Bg4 6. c3 Qf6 7. d3 Nge7 8. Nbd2
Ng6 9. h3 h5 10. Re1 Bd7 11. Nf1 Qe7 12. Ne3 Nf4 13. Nf5 Qf6 14. Bxf4 exf4 15.
N5d4 Nxd4 16. Bxd7+ Kxd7 17. cxd4 g5 18. e5 Qg6 19. exd6 Bxd6 20. Ne5+ Bxe5 21.
Rxe5 Rae8 22. Qa4+ c6 23. Qb4 b5 24. Rae1 Rxe5 25. Rxe5 Re8 26. Rxe8 Kxe8 27.
Qc5 Qf6 28. d5 cxd5 29. Qxd5 Qxb2 30. d4 Qc1+ 31. Kh2 Qd2 32. Qe5+ Kf8 33. Qh8+
1/2-1/2

[Event "II Festival A"]
[Site "Fano ITA"]
[Date "2013.07.31"]
[Round "4"]
[White "Persson, Andreas"]
[Black "Difronzo, Andrea"]
[WhiteElo "2167"]
[BlackElo "1943"]
[Result "1-0"]
[PlyCount "81"]
[EventDate "2013.07.29"]

1. e4 c5 2. Nf3 g6 3. c3 Bg7 4. Bc4 e6 5. O-O Ne7 6. d4 cxd4 7. Nxd4 O-O 8. Bg5
a6 9. a4 Nbc6 10. Nf3 Rb8 11. Na3 h6 12. Bf4 e5 13. Be3 d6 14. Qd3 Qc7 15. Ba2
Be6 16. Bxe6 fxe6 17. c4 Rbd8 18. Rfd1 g5 19. Qb3 Qc8 20. Bb6 Rd7 21. Nc2 Qe8
22. Rd2 Ng6 23. Rad1 g4 24. Nfe1 Nd4 25. Bxd4 exd4 26. Nxd4 Rdf7 27. Qb6 Qe7
28. Nd3 Qf6 29. Nc2 Rc8 30. Ne3 Rc6 31. Qa5 Qh4 32. g3 Qh3 33. Qd8+ Kh7 34. b3
Bd4 35. Nc2 Bb6 36. Qe8 Re7 37. Qxg6+ Kxg6 38. Nf4+ Kh7 39. Nxh3 gxh3 40. Rxd6
Rf7 41. Rd7 1-0

[Event "II Festival A"]
[Site "Fano ITA"]
[Date "2013.07.31"]
[Round "4"]
[White "Petrone, Gianmario"]
[Black "Gambardella, Piero"]
[WhiteElo "1993"]
[BlackElo "1992"]
[Result "1/2-1/2"]
[PlyCount "43"]
[EventDate "2013.07.29"]

1. e4 e5 2. Nf3 Nc6 3. Bc4 Nf6 4. d3 Be7 5. O-O d6 6. c3 O-O 7. Bb3 Be6 8. Nbd2
Qd7 9. Re1 Rfe8 10. Nf1 h6 11. Ng3 Bf8 12. Bc2 d5 13. Qe2 b5 14. exd5 Bxd5 15.
a4 b4 16. Be3 Ng4 17. c4 Nxe3 18. fxe3 Be6 19. d4 Bg4 20. d5 Na5 21. h3 Bxf3
22. Qxf3 1/2-1/2

[Event "II Festival A"]
[Site "Fano ITA"]
[Date "2013.07.31"]
[Round "4"]
[White "Rossi, Aldo A."]
[Black "Bonafede, Alessandro"]
[WhiteElo "2260"]
[BlackElo "2380"]
[Result "0-1"]
[PlyCount "54"]
[EventDate "2013.07.29"]

1. e4 c5 2. d4 cxd4 3. c3 dxc3 4. Nxc3 Nc6 5. Nf3 e6 6. Bc4 a6 7. O-O Nge7 8.
Bg5 h6 9. Be3 Ng6 10. Bb3 Be7 11. Nd5 exd5 12. exd5 Na5 13. d6 Bf6 14. Bxf7+
Kxf7 15. Qd5+ Kf8 16. Qf5 b5 17. Qxg6 Qe8 18. Qg4 Bb7 19. Rfe1 Nc4 20. Bd4 Qf7
21. b3 Bxd4 22. Qxd4 Bxf3 23. bxc4 Bc6 24. Re7 Qf6 25. Rd1 Qxd4 26. Rxd4 g5 27.
f4 Rc8 0-1

[Event "II Festival A"]
[Site "Fano ITA"]
[Date "2013.07.31"]
[Round "4"]
[White "Shytaj, Luca"]
[Black "Rombaldoni, Axel"]
[WhiteElo "2456"]
[BlackElo "2494"]
[Result "1/2-1/2"]
[PlyCount "72"]
[EventDate "2013.07.29"]

1. e4 c5 2. Nf3 e6 3. d4 cxd4 4. Nxd4 a6 5. Nc3 Qc7 6. Bd3 Nc6 7. Be3 Nf6 8.
O-O Bd6 9. h3 Bh2+ 10. Kh1 Bf4 11. Bxf4 Qxf4 12. Nce2 Qc7 13. Qd2 d6 14. Qg5
O-O 15. f4 Nxd4 16. Nxd4 Qc5 17. Nf3 Qxg5 18. fxg5 Nd7 19. Rfd1 Nc5 20. b4 Na4
21. c4 e5 22. Bf1 Nc3 23. Re1 Be6 24. a4 b5 25. Ra3 Nxa4 26. cxb5 axb5 27. Bxb5
Nb2 28. Rxa8 Rxa8 29. Rb1 Rb8 30. Rxb2 Rxb5 31. Rd2 f6 32. gxf6 gxf6 33. Rxd6
Kf7 34. Kh2 Rxb4 35. Nd2 Ke7 36. Rd3 Rb2 1/2-1/2

[Event "II Festival A"]
[Site "Fano ITA"]
[Date "2013.07.31"]
[Round "4"]
[White "Solodovnichenko, Yuri"]
[Black "Burmakin, Vladimir"]
[WhiteElo "2555"]
[BlackElo "2559"]
[Result "1/2-1/2"]
[PlyCount "27"]
[EventDate "2013.07.29"]

1. e4 c6 2. d4 d5 3. e5 Bf5 4. Nf3 e6 5. Be2 Ne7 6. O-O Nc8 7. b3 Be7 8. c4 O-O
9. Nc3 Nd7 10. cxd5 cxd5 11. Bd3 Bxd3 12. Qxd3 a6 13. Ne2 Na7 14. Bd2 1/2-1/2

[Event "II Festival A"]
[Site "Fano ITA"]
[Date "2013.07.31"]
[Round "4"]
[White "Tonel, Giulia"]
[Black "Panella, Fiammetta"]
[WhiteElo "1973"]
[BlackElo "2050"]
[Result "1/2-1/2"]
[PlyCount "45"]
[EventDate "2013.07.29"]

1. d4 d5 2. c4 c6 3. Nf3 Nf6 4. Nc3 dxc4 5. a4 Bf5 6. e3 e6 7. Bxc4 Bb4 8. O-O
O-O 9. Qb3 Qe7 10. Rd1 Nbd7 11. Na2 Bd6 12. Qxb7 Rfb8 13. Qa6 Be4 14. Qa5 Nd5
15. Be2 N7b6 16. Nc3 Bb4 17. Nxd5 exd5 18. Qa6 Nc4 19. a5 Bc2 20. Rf1 Qe6 21.
Bxc4 dxc4 22. Ne5 Rc8 23. f4 1/2-1/2

[Event "II Festival A"]
[Site "Fano ITA"]
[Date "2013.07.31"]
[Round "4"]
[White "Villani, Cristian"]
[Black "Lantini, Marco"]
[WhiteElo "2063"]
[BlackElo "2119"]
[Result "1/2-1/2"]
[PlyCount "50"]
[EventDate "2013.07.29"]

1. Nf3 d5 2. d4 Nf6 3. c4 e6 4. Bg5 Nbd7 5. Nc3 h6 6. Bh4 Be7 7. e3 O-O 8. Qc2
a6 9. cxd5 exd5 10. Be2 c5 11. O-O b6 12. Rfd1 Bb7 13. Rac1 c4 14. b3 b5 15.
bxc4 dxc4 16. d5 Nxd5 17. Bxe7 Nxe7 18. Ne5 Nxe5 19. Rxd8 Rfxd8 20. Rd1 Rxd1+
21. Qxd1 Nd3 22. Bxd3 cxd3 23. Qxd3 Rc8 24. f3 Bc6 25. e4 Kf8 1/2-1/2

[Event "II Festival A"]
[Site "Fano ITA"]
[Date "2013.07.31"]
[Round "4"]
[White "Zakharov, Aleksej"]
[Black "Angelini, Marco"]
[WhiteElo "2331"]
[BlackElo "2265"]
[Result "1-0"]
[PlyCount "61"]
[EventDate "2013.07.29"]

1. e4 c5 2. Nf3 d6 3. c3 Nf6 4. h3 Nc6 5. Bd3 e6 6. Bc2 Be7 7. O-O O-O 8. Re1
b6 9. d4 cxd4 10. cxd4 a5 11. Nc3 Ba6 12. a3 b5 13. d5 b4 14. Ne2 exd5 15. exd5
Ne5 16. Ned4 Bb7 17. Nxe5 dxe5 18. Nc6 Bxc6 19. dxc6 Qc7 20. Ba4 e4 21. Be3
Rad8 22. Qc1 Nd5 23. Bc5 f5 24. axb4 Nxb4 25. Qc4+ Kh8 26. Bxb4 Bxb4 27. Red1
Qe5 28. Rxd8 Rxd8 29. c7 Rc8 30. Rd1 Bd6 31. Qa6 1-0

[Event "II Festival A"]
[Site "Fano ITA"]
[Date "2013.08.01"]
[Round "5"]
[White "Angelini, Marco"]
[Black "Persson, Andreas"]
[WhiteElo "2265"]
[BlackElo "2167"]
[Result "1/2-1/2"]
[PlyCount "117"]
[EventDate "2013.07.29"]

1. Nf3 Nf6 2. g3 b6 3. Bg2 Bb7 4. c4 c5 5. Nc3 g6 6. O-O Bg7 7. d3 O-O 8. e4 d6
9. Re1 Nc6 10. h3 Nd7 11. Be3 a6 12. d4 cxd4 13. Nxd4 Rc8 14. b3 Nc5 15. Rc1
Ne6 16. Nxe6 fxe6 17. Na4 b5 18. cxb5 axb5 19. Nb6 Rb8 20. Qd3 b4 21. f4 Bc3
22. Rxc3 bxc3 23. Qxc3 e5 24. Kh1 e6 25. Rd1 exf4 26. gxf4 Qe7 27. b4 Nd8 28.
a4 Nf7 29. a5 g5 30. fxg5 Nxg5 31. Rg1 h6 32. h4 Qh7 33. Kh2 e5 34. hxg5 hxg5+
35. Bh3 Rf3 36. Rg3 Rxg3 37. Kxg3 Qh4+ 38. Kh2 g4 39. Bg1 Rf8 40. Qg3 Qxh3+ 41.
Qxh3 gxh3 42. Nd5 Bxd5 43. exd5 Kf7 44. b5 Ke7 45. a6 Kd7 46. Be3 Kc7 47. b6+
Kb8 48. Bg5 Rf2+ 49. Kxh3 Ra2 50. Be7 Rxa6 51. Bxd6+ Kb7 52. Bc7 Rxb6 53. Bxb6
Kxb6 54. d6 Kc6 55. d7 Kxd7 56. Kg3 Ke6 57. Kf3 Kd5 58. Ke3 e4 59. Ke2 1/2-1/2

[Event "II Festival A"]
[Site "Fano ITA"]
[Date "2013.08.01"]
[Round "5"]
[White "Bonafede, Alessandro"]
[Black "Solodovnichenko, Yuri"]
[WhiteElo "2380"]
[BlackElo "2555"]
[Result "0-1"]
[PlyCount "64"]
[EventDate "2013.07.29"]

1. e4 c5 2. Nf3 Nc6 3. d4 cxd4 4. Nxd4 e6 5. Nc3 d6 6. g3 Nf6 7. Bg2 Bd7 8. O-O
Be7 9. h3 a6 10. Kh2 Qc7 11. f4 O-O 12. f5 b5 13. Nce2 Nxd4 14. Nxd4 e5 15. Ne2
Rac8 16. c3 Bc6 17. Qc2 h6 18. g4 d5 19. Ng3 Rfd8 20. Qe2 b4 21. c4 dxc4 22.
Qxc4 Qb7 23. a4 bxa3 24. bxa3 Bb5 25. Qb3 Rd3 26. Qb1 Rcc3 27. Ne2 Rb3 28. Qc2
Bc6 29. Rb1 Bxe4 30. Rxb3 Rxb3 31. Bxe4 Nxe4 32. a4 Bg5 0-1

[Event "II Festival A"]
[Site "Fano ITA"]
[Date "2013.08.01"]
[Round "5"]
[White "Brancaleoni, Maurizio"]
[Black "Klimentov, Roman"]
[WhiteElo "2248"]
[BlackElo "2219"]
[Result "1/2-1/2"]
[PlyCount "33"]
[EventDate "2013.07.29"]

1. d4 Nf6 2. c4 g6 3. Nc3 Bg7 4. e4 d6 5. Be2 O-O 6. Be3 e5 7. d5 a5 8. g4 Na6
9. g5 Nd7 10. h4 f5 11. gxf6 Nxf6 12. h5 Nc5 13. hxg6 Ncxe4 14. gxh7+ Kh8 15.
Nxe4 Nxe4 16. Nf3 Qf6 17. Rh2 1/2-1/2

[Event "II Festival A"]
[Site "Fano ITA"]
[Date "2013.08.01"]
[Round "5"]
[White "Cardarelli, Angelo"]
[Black "Bonagura, Stefano"]
[WhiteElo "1980"]
[BlackElo "2165"]
[Result "0-1"]
[PlyCount "60"]
[EventDate "2013.07.29"]

1. e4 c6 2. d3 d5 3. Nd2 e5 4. Ngf3 Bd6 5. d4 exd4 6. exd5 Nf6 7. dxc6 Nxc6 8.
Bb5 O-O 9. O-O Bg4 10. h3 Bh5 11. g4 Bg6 12. Bxc6 bxc6 13. Nxd4 Bc7 14. N4f3
Nd5 15. Nc4 f5 16. g5 Bh5 17. h4 Re8 18. a4 Re4 19. Ne3 Qd6 20. Nxf5 Bxf3 21.
Nxd6 Rg4+ 22. Kh2 Bxd6+ 23. Kh3 Bxd1 24. Rxd1 Rc4 25. c3 Rf8 26. Be3 Nxe3 27.
fxe3 Bc5 28. Re1 Re8 29. Rad1 Rxa4 30. b4 Rxe3+ 0-1

[Event "II Festival A"]
[Site "Fano ITA"]
[Date "2013.08.01"]
[Round "5"]
[White "Costantini, Roberto"]
[Black "Drazic, Sinisa"]
[WhiteElo "2290"]
[BlackElo "2464"]
[Result "1-0"]
[PlyCount "145"]
[EventDate "2013.07.29"]

1. e4 d6 2. d4 Nf6 3. Nc3 e5 4. Nf3 Nbd7 5. Bc4 Be7 6. O-O O-O 7. Re1 a6 8. a4
b6 9. dxe5 Nxe5 10. Nxe5 dxe5 11. Qe2 c6 12. Rd1 Qc7 13. Kh1 Re8 14. Ba2 Rb8
15. Qc4 Bc5 16. f3 a5 17. Qe2 h6 18. Be3 Ba6 19. Qf2 Bxe3 20. Qxe3 Rbd8 21. Kg1
Kf8 22. Ne2 Rxd1+ 23. Rxd1 Rd8 24. Re1 Bxe2 25. Qxe2 Qd6 26. Qc4 Qd4+ 27. Kf1
Qxc4+ 28. Bxc4 Rd2 29. Re2 Rd4 30. b3 Nd7 31. Ke1 Ke7 32. Rd2 g5 33. c3 Rxd2
34. Kxd2 Nc5 35. Ke3 h5 36. Kf2 f6 37. Ke3 h4 38. Bg8 b5 39. axb5 cxb5 40. Bd5
Kd6 41. Kd2 b4 42. cxb4 axb4 43. Bc4 Nd7 44. Ke3 Nb8 45. Bd5 f5 46. Kd3 Kc5 47.
Be6 f4 48. h3 Nc6 49. Bd5 Nd4 50. Bc4 Kb6 51. Kd2 Kc6 52. Kd3 Kd7 53. Kd2 Kc6
54. Kd3 g4 55. fxg4 f3 56. gxf3 Nxf3 57. Ke3 Ng5 58. Bf1 Kd6 59. Kd3 Kc5 60.
Ke3 Ne6 61. Bc4 Nf4 62. g5 Kd6 63. Kf3 Nxh3 64. g6 Ng5+ 65. Kg4 Nxe4 66. g7
Nf6+ 67. Kxh4 e4 68. g8=Q Nxg8 69. Bxg8 Ke5 70. Kg4 Kd4 71. Kf4 Kd3 72. Bd5 e3
73. Bc4+ 1-0

[Event "II Festival A"]
[Site "Fano ITA"]
[Date "2013.08.01"]
[Round "5"]
[White "Der Manuelian, Haik O."]
[Black "Ambartsumova, Karina"]
[WhiteElo "2007"]
[BlackElo "2306"]
[Result "0-1"]
[PlyCount "56"]
[EventDate "2013.07.29"]

1. e4 c5 2. Nf3 e6 3. d4 cxd4 4. Nxd4 a6 5. Nc3 Qc7 6. Be2 Nf6 7. O-O Bb4 8.
Qd3 Nc6 9. Nxc6 bxc6 10. Bg5 Be7 11. f4 d5 12. Kh1 h6 13. Bxf6 Bxf6 14. Na4 Qa5
15. e5 Be7 16. b3 O-O 17. c4 Qd8 18. Qd4 a5 19. Bf3 dxc4 20. Qxc4 Ba6 21. Qxc6
Bxf1 22. Qxa8 Bxg2+ 23. Kxg2 Qd2+ 24. Kg3 Rxa8 25. Bxa8 Qe3+ 26. Bf3 g5 27.
fxg5 Qxe5+ 28. Kg4 Qxa1 0-1

[Event "II Festival A"]
[Site "Fano ITA"]
[Date "2013.08.01"]
[Round "5"]
[White "Difronzo, Andrea"]
[Black "Chierici, Marianna"]
[WhiteElo "1943"]
[BlackElo "2076"]
[Result "1/2-1/2"]
[PlyCount "53"]
[EventDate "2013.07.29"]

1. e4 Nf6 2. e5 Nd5 3. c4 Nb6 4. b3 c5 5. Bb2 Nc6 6. Nf3 d5 7. exd6 Qxd6 8. Be2
Qg6 9. O-O Bg4 10. Nc3 O-O-O 11. Nh4 Bxe2 12. Qxe2 Qc2 13. Qg4+ e6 14. Rab1 h5
15. Qg3 g5 16. Nb5 e5 17. Qxg5 a6 18. Nc3 Nd7 19. Qf5 Qxd2 20. Ne4 Qh6 21. Bc1
Qg7 22. Bg5 Nd4 23. Qh3 Qh7 24. Nf6 Qg7 25. Ne4 Qh7 26. Nf6 Qg7 27. Ne4 1/2-1/2

[Event "II Festival A"]
[Site "Fano ITA"]
[Date "2013.08.01"]
[Round "5"]
[White "Gambardella, Piero"]
[Black "Coppola, Federico"]
[WhiteElo "1992"]
[BlackElo "1957"]
[Result "1/2-1/2"]
[PlyCount "96"]
[EventDate "2013.07.29"]

1. d4 Nf6 2. Bg5 Ne4 3. Bf4 c5 4. d5 Qb6 5. Bc1 g6 6. f3 Nf6 7. e4 d6 8. Na3
Bg7 9. Nc4 Qc7 10. a4 b6 11. Ne2 O-O 12. Nc3 a6 13. Bf4 Nbd7 14. Qd2 Re8 15.
Be2 Rb8 16. O-O b5 17. axb5 axb5 18. Nxb5 Rxb5 19. Nxd6 exd6 20. Bxb5 Nh5 21.
Be3 f5 22. c3 fxe4 23. f4 Rf8 24. Be2 Nhf6 25. Ra3 Nb6 26. c4 Ng4 27. Kh1 Nxe3
28. Rxe3 Re8 29. Qa5 Bd7 30. Rb3 Rb8 31. h3 Bd4 32. Bg4 Bxg4 33. hxg4 e3 34. f5
Qd8 35. f6 e2 36. f7+ Kf8 37. Re1 Qe7 38. Qd2 Kxf7 39. Rxe2 Be5 40. Qh6 Kg8 41.
Qh3 Qg5 42. Re1 Nd7 43. Ra3 Nf6 44. Ra7 Qxg4 45. Rxh7 Qxh3+ 46. Rxh3 Rxb2 47.
Rf3 Rb7 48. Rxe5 Rb1+ 1/2-1/2

[Event "II Festival A"]
[Site "Fano ITA"]
[Date "2013.08.01"]
[Round "5"]
[White "Gromovs, Sergejs"]
[Black "Caprio, Guido"]
[WhiteElo "2202"]
[BlackElo "2415"]
[Result "0-1"]
[PlyCount "40"]
[EventDate "2013.07.29"]

1. d4 d5 2. c4 e6 3. Nf3 Nf6 4. Nc3 dxc4 5. e3 a6 6. a4 b6 7. Bxc4 Bb7 8. O-O
Bb4 9. Qe2 O-O 10. Rd1 Nbd7 11. Ne5 Nxe5 12. dxe5 Nd7 13. Qh5 Qe7 14. Rd4 Rfd8
15. Rh4 Nf8 16. e4 Qc5 17. Bg5 Qxc4 18. Bf6 gxf6 19. exf6 Bxc3 20. e5 Qd5 0-1

[Event "II Festival A"]
[Site "Fano ITA"]
[Date "2013.08.01"]
[Round "5"]
[White "Klimentov, Evgeny"]
[Black "Rebeggiani, Andrea"]
[WhiteElo "2006"]
[BlackElo "1910"]
[Result "1/2-1/2"]
[PlyCount "114"]
[EventDate "2013.07.29"]

1. e4 g6 2. d4 c6 3. Nc3 Bg7 4. Bg5 Qb6 5. Nf3 Qxb2 6. Na4 Qa3 7. c4 Bh6 8. Bd3
Bxg5 9. Nxg5 b5 10. cxb5 Qb4+ 11. Ke2 Qxd4 12. Qb3 Qf6 13. h4 cxb5 14. Bxb5 Nh6
15. Qd5 Nc6 16. Rhd1 O-O 17. f3 Rb8 18. Rab1 Ne5 19. Nc5 d6 20. Nd3 Be6 21. Qd4
Bxa2 22. Rb2 Bc4 23. Bxc4 Nxc4 24. Qxf6 exf6 25. Ra2 fxg5 26. hxg5 Kg7 27.
gxh6+ Kxh6 28. Rxa7 Nb2 29. Nxb2 Rxb2+ 30. Ke3 Rxg2 31. Rxd6 Rb2 32. Rdd7 Kg7
33. e5 Rb6 34. f4 Re6 35. Kf3 g5 36. Kg4 gxf4 37. Kxf4 Kg6 38. Rd6 h5 39. Ke4
Rb8 40. Re7 Rxd6 41. exd6 Kf6 42. Kd5 Rb1 43. Re3 Rd1+ 44. Kc6 h4 45. d7 Kf5
46. Kc7 Kg4 47. Re7 f5 48. Rg7+ Kf3 49. Rh7 Kg3 50. Rg7+ Kf3 51. Rh7 Rxd7+ 52.
Kxd7 Kg3 53. Rg7+ Kf2 54. Rf7 h3 55. Rxf5+ Kg2 56. Rh5 h2 57. Rxh2+ Kxh2
1/2-1/2